000 01333cam a2200397Mi 4500
999 _c5183
_d5183
001 .b25931702
003 OCoLC
005 20250821105908.0
008 161125s2012 enk g 000 0 eng d
020 _a9780007902347
_q(pbk.)
020 _a0007902344
035 _a(OCoLC)939882960
040 _aNUKAT
_bpol
_cNUKAT
_dRDI
_dKH8
042 _anbic
082 _aFIC SHA
100 1 _aShakespeare, William
_d(1564-1616)
_eauthor.
240 1 0 _aHamlet
_l(ang.)
245 1 0 _aHamlet /
_cWilliam Shakespeare ; general editor R. B. Kennedy ; additional notes and editing Mike Gould.
260 _aLondon :
_bHarper Press,
_c2012.
300 _aXX, 188 p. ;
_c18 cm.
490 0 _aCollins Classics.
490 0 _aThe Alexander Shakespeare.
600 1 0 _aShakespeare, William,
_d1564-1616.
_tHamlet
_vProblems, exercises, etc.
650 0 _aYoung adult drama, English.
650 0 _aHamlet (Legendary character)
_yDrama.
650 0 _aKings and rulers
_xSuccession
_vDrama.
650 0 _aMurder victims' families
_vDrama.
650 0 _aFathers
_xDeath
_vDrama.
650 0 _aRevenge
_vDrama.
650 0 _aPrinces
_vDrama.
651 0 _aDenmark
_vDrama.
700 1 _aKennedy, R. B,
_eeditor.
700 1 _aGould, Mike,
_ewriter of added commentary,
_eeditor.
710 2 _aHarper & Row Publishers.
_4pbl.
942 _2ddc
_cCSN